| 000 | 00562 a2200193 4500 | ||
|---|---|---|---|
| 003 | NUST | ||
| 005 | 20221227191624.0 | ||
| 040 | _cNust | ||
| 082 | _a355.03,CRE | ||
| 100 |
_aCreswell H.T _9106141 |
||
| 245 |
_aA Dictionary of Military terms / _bEnglish-Japanese . Japanese-English / _cH.T. Creswell, Namba |
||
| 250 | _aAmerican Edition | ||
| 260 |
_aAmerica _bUniversity Press _c1942 |
||
| 300 | _a1226 and 175 p.; | ||
| 505 | _aContents not Available | ||
| 600 |
_aH.T.Creswell _9106142 |
||
| 650 |
_aMilitar Terms _9106143 |
||
| 942 |
_2ddc _cBK _k355.03,CRE |
||
| 999 |
_c185623 _d185623 |
||